Best employers index (Record no. 82972)

MARC details
000 -LEADER
fixed length control field 00807cab a22001935a 4500
001 - CONTROL NUMBER
control field L152455
008 - FIXED-LENGTH DATA ELEMENTS--GENERAL INFORMATION
fixed length control field 110309e20110120xxk 000 0 eng d
035 ## - SYSTEM CONTROL NUMBER
System control number (Sirsi) u152455
041 0# - LANGUAGE CODE
Language code of text/sound track or separate title eng
100 1# - MAIN ENTRY--PERSONAL NAME
Personal name Mackenzie, Stuart
245 00 - TITLE STATEMENT
Title Best employers index
Remainder of title who do you really want to work for?
260 ## - PUBLICATION, DISTRIBUTION, ETC.
Date of publication, distribution, etc. 2011
490 ## - SERIES STATEMENT
Series statement Construction News
Volume/sequential designation (7207) 3 March 2011, 24-29(6)
520 ## - SUMMARY, ETC.
Summary, etc. The index is based on the results of a detailed survey completed by the companies taking part; examines the 6 companies that were identified as the industry's best employers; lists of the top 7 companies for categories including diversity, pay and reward, and training and development; commentary.
590 ## - LOCAL NOTE (RLIN)
Local note KA
651 #4 - SUBJECT ADDED ENTRY--GEOGRAPHIC NAME
Geographic name United Kingdom
Chronological subdivision
690 ## - LOCAL SUBJECT ADDED ENTRY--TOPICAL TERM (OCLC, RLIN)
Topical term or geographic name as entry element CAREERS, EDUCATION AND TRAINING
942 ## - ADDED ENTRY ELEMENTS (KOHA)
Suppress in OPAC 0
Holdings
Withdrawn status Lost status Source of classification or shelving scheme Damaged status Not for loan Home library Current library Shelving location Date acquired Total Checkouts Full call number Barcode Date last seen Copy number Price effective from Koha item type
    Dewey Decimal Classification     London London Journal article 09/03/2011   L152455 152455-1001 06/08/2019 1 06/08/2019 Journal article